000 00373nam a2200133Ia 4500
008 230917s9999||||xx |||||||||||||| ||und||
040 _e184092
_aMAIN
041 _aEnglish
082 _a294.3823 D36D
245 0 _aSuttapitake-Khuddakanikaye: Nettippakaranapali-Petakopadesapali
260 _aIgatpuri
_bVipassana Research Institute
_c1998
300 _av. p.
942 _cBK
999 _c81164
_d81164